|
|
|
|
| LEADER |
01483nam a22003974a 4500 |
| 001 |
EBC182505 |
| 003 |
MiAaPQ |
| 005 |
20200520144314.0 |
| 006 |
m o d | |
| 007 |
cr cn||||||||| |
| 008 |
030114s2003 enkab sb 001 0 eng |
| 010 |
|
|
|z 2003001012
|
| 015 |
|
|
|a GBA3-Z8782
|
| 020 |
|
|
|z 0415302749
|
| 035 |
|
|
|a (MiAaPQ)EBC182505
|
| 035 |
|
|
|a (Au-PeEL)EBL182505
|
| 035 |
|
|
|a (CaPaEBR)ebr10166068
|
| 035 |
|
|
|a (CaONFJC)MIL15133
|
| 035 |
|
|
|a (OCoLC)437055367
|
| 040 |
|
|
|a MiAaPQ
|c MiAaPQ
|d MiAaPQ
|
| 043 |
|
|
|a a-ir---
|a ac-----
|
| 050 |
|
4 |
|a DS292
|b .P47 2003
|
| 082 |
0 |
4 |
|a 955/.03
|2 21
|
| 245 |
0 |
0 |
|a Persian documents
|h [electronic resource] :
|b social history of Iran and Turan in the fifteenth to nineteenth centuries /
|c edited by Kondo Nobuaki.
|
| 260 |
|
|
|a London ;
|a New York :
|b RoutledgeCurzon,
|c 2003.
|
| 300 |
|
|
|a xvii, 189 p. :
|b ill., maps.
|
| 490 |
1 |
|
|a New horizons in Islamic studies
|
| 504 |
|
|
|a Includes bibliographical references and index.
|
| 533 |
|
|
|a Electronic reproduction. Ann Arbor, MI : ProQuest, 2015. Available via World Wide Web. Access may be limited to ProQuest affiliated libraries.
|
| 651 |
|
0 |
|a Iran
|x History
|v Sources.
|
| 651 |
|
0 |
|a Asia, Central
|x History
|v Sources.
|
| 655 |
|
4 |
|a Electronic books.
|
| 700 |
1 |
|
|a Kondo, Nobuaki,
|d 1966-
|
| 710 |
2 |
|
|a ProQuest (Firm)
|
| 830 |
|
0 |
|a New horizons in Islamic studies.
|
| 856 |
4 |
0 |
|u https://ebookcentral.proquest.com/lib/matrademy/detail.action?docID=182505
|z Click to View
|